Nearest East : (Record no. 17207)
[ view plain ]
| 000 -LEADER | |
|---|---|
| fixed length control field | 01601cam a22003254a 4500 |
| 001 - CONTROL NUMBER | |
| control field | 15854944 |
| 005 - DATE AND TIME OF LATEST TRANSACTION | |
| control field | 20130203114052.0 |
| 008 - FIXED-LENGTH DATA ELEMENTS--GENERAL INFORMATION | |
| fixed length control field | 090805s2010 pau b 001 0 eng |
| 010 ## - LIBRARY OF CONGRESS CONTROL NUMBER | |
| LC control number | 2009032146 |
| 020 ## - INTERNATIONAL STANDARD BOOK NUMBER | |
| International Standard Book Number | 9781439902226 (cloth : alk. paper) |
| 082 00 - DEWEY DECIMAL CLASSIFICATION NUMBER | |
| Classification number | 303.48273056 |
| Edition number | 22 |
| Item number | KIE |
| 100 1# - MAIN ENTRY--PERSONAL NAME | |
| Personal name | Kieser, Hans-Lukas. |
| 9 (RLIN) | 32314 |
| 245 10 - TITLE STATEMENT | |
| Title | Nearest East : |
| Remainder of title | American Millennialism and Mission to the Middle East / |
| Statement of responsibility, etc | Hans-Lukas Kieser. |
| 260 ## - PUBLICATION, DISTRIBUTION, ETC. (IMPRINT) | |
| Place of publication, distribution, etc | Philadelphia : |
| Name of publisher, distributor, etc | Temple University Press, |
| Date of publication, distribution, etc | 2010. |
| 300 ## - PHYSICAL DESCRIPTION | |
| Extent | x, 213 p. : |
| Dimensions | 24 cm. |
| 490 0# - Series Statement | |
| Series statement | Politics, history, and social change |
| 504 ## - BIBLIOGRAPHY, ETC. NOTE | |
| Bibliography, etc | Includes bibliographical references (p. [197]-200) and index. |
| 505 0# - FORMATTED CONTENTS NOTE | |
| Formatted contents note | The United States and the Near East, circa 1800 -- A quest for "Zion" and peace on Earth : mission to the Bible lands -- Dream and trauma : missionary America and young Turkey, 1908-1923 -- Oil, Palestine-Israel, and empire of the good -- American steps and shortcuts to "Zion" after 1967. |
| 650 #0 - SUBJECT ADDED ENTRY--TOPICAL TERM | |
| Topical term or geographic name as entry element | Millennialism |
| General subdivision | Political aspects |
| Geographic subdivision | United States |
| General subdivision | History. |
| 9 (RLIN) | 32315 |
| 650 #0 - SUBJECT ADDED ENTRY--TOPICAL TERM | |
| Topical term or geographic name as entry element | Christianity and politics |
| Geographic subdivision | United States |
| General subdivision | History. |
| 9 (RLIN) | 32316 |
| 650 #0 - SUBJECT ADDED ENTRY--TOPICAL TERM | |
| Topical term or geographic name as entry element | Missionaries |
| Geographic subdivision | United States |
| General subdivision | History. |
| 9 (RLIN) | 32317 |
| 650 #0 - SUBJECT ADDED ENTRY--TOPICAL TERM | |
| Topical term or geographic name as entry element | Missionaries |
| Geographic subdivision | Middle East |
| General subdivision | History. |
| 9 (RLIN) | 32318 |
| 650 #0 - SUBJECT ADDED ENTRY--TOPICAL TERM | |
| Topical term or geographic name as entry element | Christian Zionism |
| Geographic subdivision | United States |
| General subdivision | History. |
| 9 (RLIN) | 32319 |
| 651 #0 - SUBJECT ADDED ENTRY--GEOGRAPHIC NAME | |
| Geographic name | United States |
| General subdivision | Relations |
| Geographic subdivision | Middle East. |
| 9 (RLIN) | 32320 |
| 651 #0 - SUBJECT ADDED ENTRY--GEOGRAPHIC NAME | |
| Geographic name | Middle East |
| General subdivision | Relations |
| Geographic subdivision | United States. |
| 9 (RLIN) | 32321 |
| 651 #0 - SUBJECT ADDED ENTRY--GEOGRAPHIC NAME | |
| Geographic name | United States |
| General subdivision | Relations |
| Geographic subdivision | Israel. |
| 9 (RLIN) | 32322 |
| 651 #0 - SUBJECT ADDED ENTRY--GEOGRAPHIC NAME | |
| Geographic name | Israel |
| General subdivision | Relations |
| Geographic subdivision | United States. |
| 9 (RLIN) | 32323 |
| 653 ## - INDEX TERM--UNCONTROLLED | |
| Resource For college | |
| Arrived date list | February2013 |
| 942 ## - ADDED ENTRY ELEMENTS (KOHA) | |
| Source of classification or shelving scheme | Dewey Decimal Classification |
| Item type | Book - Borrowing |
| Withdrawn status | Item status | Source of classification or shelving scheme | Damaged status | Not for loan | Vendor | Home library | Current library | Shelving location | Date acquired | Source of acquisition | Cost, normal purchase price | Serial Enumeration / chronology | Total Checkouts | Total Renewals | Full call number | Barcode | Date last seen | Date last borrowed | Koha item type |
|---|---|---|---|---|---|---|---|---|---|---|---|---|---|---|---|---|---|---|---|
| Dewey Decimal Classification | MERIC | Central Library | Central Library | First floor | 03/02/2013 | 486.00 | 000263 | 1 | 1 | 303.48273056 KIE | 000027971 | 15/07/2025 | 25/11/2015 | Book - Borrowing |